01011nam a22002657a 4500952015000000999001700150003000800167005001700175008004100192020001800233040002300251041000800274082003100282100002400313245006300337246003000400260007000430300002900500490007000529504003300599650003300632650003700665740003000702942001300732 a0001b0001d2019-02-07e2l0o305.891590561 Ç23z 2016p018817r2019-02-07 00:00:00w2019-02-07xKemal Kılıçdaroğlu Bağışıdır.yBKS c12708d12708MIRAKIL20190207110726.0190207b tu ||||| |||| 00| 0 tur d a9786053994350 aTR-AnCHPcTR-AnCHP atur a305.891590561bÇ23z 2016 aÇağlayan, Ercan aZazalar :bTarih, kültür, kimlik/cErcan Çağlayan. aTarih, kültür, kimlik aİstanbul :bİstanbul Bilgi Üniversitesi Yayınları,c2016. a235 s. :bres. ;c23 cm.0 aİstanbul Bilgi Üniversitesi Yayınları ;aTarih ;v550.v61. aKaynakça ve dizin vardır. 0aAzınlıklar9157xTürkiye aZazalarxEtnik KimlikzTürkiye aTarih, kültür, kimlik 2ddccBKS